000 01037nam a2200289Ia 4500
003 OSt
005 20221005110555.0
006 a|||||r|||| 00| 0
007 ta
008 221004b |||||||| |||| 00| 0 hin d
020 _a9789326352628 (hbk)
_cINR 260.00
024 _a37920
037 _bBW/1690, 15/03/2018, Bookwell
_cTextual
040 _aCRL
_cCRL
_bhin
041 _2hin
_ahin
082 _aO152,3N75,JJ, Q4
100 _aउमा, ले.
245 0 _aजन्नत जाविदॉं
246 _aJannat jāvidaॉan
260 _aनई दिल्ली
_bभारतीय ज्ञानपीठ भारत
_c2014
300 _a197पृ0
_ccm.
490 _aलोकोदय ग्रन्थमाला; ग्रन्थांक 1233
650 _a हिन्दी साहित्य
650 _aहिन्दी कहानी
942 _hO152,3N75,JJ, Q4
_cTEXL
_2cc
999 _c1019255
_d1019255